LEADER 01000nam0-2200325---450- 001 990009378070403321 005 20110615084434.0 035 $a000937807 035 $aFED01000937807 035 $a(Aleph)000937807FED01 035 $a000937807 100 $a20110615d1967----km-y0itay50------ba 101 0 $aeng 102 $aUS 105 $aa---j---001yy 200 1 $a<>pathology of the human placenta$fby Kurt Benirschke and Shirley G. Driscoll 210 $aBerlin ; New York$cSpringer-Verlag,$d1967 215 $avii, 512 p.$cill.$d26 cm 300 $aRist. dell'Handbuch der speziellen pathologischen Anatomie und Histologie VII/5 610 0 $aPatologia medica 676 $a618.3 700 1$aBenirschke,$bKurt$0511454 701 1$aDriscoll,$bShirley G.$0511455 801 0$aIT$bUNINA$gRICA$2UNIMARC 901 $aBK 912 $a990009378070403321 952 $aVI C 267$b4513$fDMVSF 959 $aDMVSF 996 $aPathology of the human placenta$9763274 997 $aUNINA LEADER 02073oam 2200661I 450 001 9910711356603321 005 20180906072719.0 035 $a(CKB)5470000002482465 035 $a(OCoLC)971460712$z(OCoLC)953291322 035 $a(OCoLC)995470000002482465 035 $a(EXLCZ)995470000002482465 100 $a20170204d1965 ua 0 101 0 $aeng 135 $aurbn||||||||| 181 $ctxt$2rdacontent 182 $cc$2rdamedia 183 $acr$2rdacarrier 200 10$aIndex of surface-water records to December 31, 1963$hPart 8$iWestern Gulf of Mexico basins /$fby H.P. Eisenhuth 210 1$aWashington :$cUnited States Department of the Interior, Geological Survey,$d1965. 215 $a1 online resource (45 pages) $cillustrations, map 225 1 $aGeological Survey circular ;$v506 300 $a"Supersedes Geological Survey circular 388"--Page 1. 300 $aIncludes index. 517 3 $aWestern Gulf of Mexico basins 606 $aWatersheds$zTexas$vStatistics 606 $aRivers$zGulf States$vStatistics 606 $aStream measurements$zNew Mexico$vStatistics 606 $aStreamflow$zTexas$vStatistics 606 $aRivers$2fast 606 $aStream measurements$2fast 606 $aStreamflow$2fast 606 $aWatersheds$2fast 607 $aNew Mexico$2fast 607 $aTexas$2fast 607 $aUnited States$zGulf States$2fast 608 $aStatistics.$2fast 608 $aStatistics.$2lcgft 615 0$aWatersheds 615 0$aRivers 615 0$aStream measurements 615 0$aStreamflow 615 7$aRivers. 615 7$aStream measurements. 615 7$aStreamflow. 615 7$aWatersheds. 700 $aEisenhuth$b H. P.$01386245 712 02$aGeological Survey (U.S.), 801 0$bOCLCE 801 1$bOCLCE 801 2$bCOP 801 2$bOCLCF 801 2$bOCLCQ 801 2$bOCLCA 801 2$bGPO 906 $aBOOK 912 $a9910711356603321 996 $aIndex of surface-water records to December 31, 1963$93435528 997 $aUNINA